Quizzes
Events
Quiz Creation
Community
Videos
Private Events
Remove Ads
Sign In
Join for FREE
Feedback
Dark Mode
Quiz Categories
Sports
Geography
Music
Movies
Television
Just For Fun
Miscellaneous
History
Literature
Language
Science
Gaming
Entertainment
Religion
Holiday
For Kids
Quiz Lab
Recent
Popular Today
Quiz Kudos Today
Editor Picks
Curator Picks
Quizzes by...
Day
Popularity
Type
Ratings
Length
Year
Community
Subscriptions
Recent Discussions
Orange Saloon
Badges
Playlists
Quests
Create
Leaderboards
Showdown
Live 5
Trivia Bingo
Activity
Puzzle Library
Sporcle Events
Private Events
Virtual Trivia
Globe League
Become a Host
Pub Owners
SporcleCon
Opinionation
Our Games
Videos
Blog
Mobile Apps
Partnerships
Remove Ads and Go Orange
Feedback
Science
Computer
Plants
Astronomy
Chemistry
Elements
Math
Animal
Physics
Anatomy
Biology
Geology
General Science
Science
Computer
Plants
Astronomy
Chemistry
Elements
Math
Animal
Physics
Anatomy
Biology
Geology
General Science
Random Quiz
Search Sporcle
×
Quiz Lab
Quiz Lab
Science
Typing
Type in answers that appear in a list
Type in answers that appear in a list
Classic
Best Score? Go Orange.
Periodic Table Typing Challenge II Stats
Can you name the all the elements?
By
Andrej11490
60s
50 Questions
214 Plays
214 Plays
214 Plays
Comments
Comments
Give Quiz Kudos
Give Quiz Kudos
-
- Ratings
hide this ad
No Skip
Answers have to be entered in order without skipping
Answers have to be entered in order without skipping
Replay
Link that replays current quiz
Next Quiz
Link to next quiz in quiz playlist
You Got
0%
They Got
Avg Score
57%
Avg Friend Score
Upgrade to see
Score Distribution
Jump to the score distribution portion of the page
Score
0/50
Timer
01:00
0
Plays Today
Element
% Correct
?
???
100%
?
???
99.5%
?
???
98.6%
?
???
98.6%
?
???
97.7%
?
???
97.7%
?
???
97.7%
?
???
96.7%
?
???
96.7%
?
???
96.3%
?
???
94.4%
?
???
93.5%
?
???
93%
?
???
91.6%
?
???
91.1%
?
???
91.1%
?
???
88.8%
?
???
86.9%
?
???
86%
?
???
85%
?
???
83.6%
?
???
82.7%
?
???
79.9%
?
???
77.6%
?
???
74.3%
Element
% Correct
?
???
72%
?
???
65.9%
?
???
62.6%
?
???
58.4%
?
???
51.9%
?
???
42.5%
?
???
36.4%
?
???
30.8%
?
???
27.6%
?
???
23.4%
?
???
19.2%
?
???
16.8%
?
???
12.1%
?
???
10.7%
?
???
9.3%
?
???
7%
?
???
5.6%
?
???
5.1%
?
???
5.1%
?
???
5.1%
?
???
4.7%
?
???
4.7%
?
???
4.2%
?
???
3.7%
?
???
3.3%
Quiz Playlist
Details
Report
Send in Message
Add To Playlist
Classic:
Type in answers that appear in a list
No Skip:
Answers have to be entered in order without skipping
Quiz Source
Last Updated: Feb 16, 2017
Quiz Scoreboard
CHALLENGE
Sign Up to Join the Scoreboard
Show All
Scores
Hide
Comments
May contain spoilers
Recently Published
Movies - When Are They Set?
by FPL_Elf
Movies
5m
Popular People in 1961
by mucciniale
History
6m
1-10 Letter E Words III
by El_Dandy
Language
2m
More to Explore
Quiz From the Vault
Featured Blog Post
Where Did the Easter Bunny Come From?
hide this ad
You Might Also Like...
Tags
Elements Quiz
Typing Quiz
challenge
Periodic Elements
Periodic Table
Spelled
Spelling
Today's Top Quizzes in Science
Browse Science
hide this ad
Today's Top Quizzes in Typing
Browse Typing
Top Contributed Quizzes in Science
1
Quick Pick: 'CI-CJ' Animals
2
One Thing in Common: Science
3
One Thing in Common: Science III
4
Elements In Images
5
Quick Pick: Radians
6
Sporcle Puzzle Hunt: Science
7
Square Numbers Scrambled (1-50)
8
One Thing in Common: Science II
9
Glycolysis
10
1 to 50
Explore More
Trending Topics
Kpop
Marvel
Harry Potter
NBA
Anime
Disney
Crossword
Pokémon
WWE
Country
Song
The Office
Soccer
Puzzle
NFL
hide this ad
More By:
Andrej11490
Quiz
Plays
Rating
Category
Featured
Created
Countries of the Mediterranean by Military Personnel
1,980
4.09
Geography
Feb 3, 2013
The Gravity of the Situation
606
3.67
Science
Feb 12, 2013
Periodic Table Typing Challenge II
214
3.00
Science
Feb 14, 2013
C++ Arithmatic Operators
213
3.44
Science
Feb 4, 2013
Go to Creator's Profile
Score Distribution
Quiz Creator Spotlight
Andrej11490
Follow
Send a Message
Quizzes Created
-
Created Quiz Play Count
-
More By This Creator
Popular Quizzes Today
1
Find the Countries of Europe - No Outlines Minefield
2
Find the US States - No Outlines Minefield
3
The Countries of the World
4
Popular People in 1961
5
US States
6
1-10 Letter E Words III
7
Find the US States
8
One Thing in Common: World Cities II
More Science Quizzes
Anatomy of the Femur
Quiz Lab
Trending Quizzes
Risky Map Clicking: Least Populous States A-Z
1-10 Letter F Words
Humor Books: The Subtitles
1-10 Letter G Words
One Thing in Common: United Kingdom
Recently Updated
Leaping Animals
pecheneg
Reality TV Shows (A-Z)
bhenderson79
Rickey Henderson's Hall of Fame Teammates
pecheneg
Champions League XIs: Arsenal
pecheneg
Quick Pick: Celebrities in WWE's Hall of Fame
aduchscher
A-Z Keypad Blitz II
pecheneg
Multiple Oscar Actors
pecheneg
Mystery Phrase Blitz: Oscar 'Best Actors'
pecheneg
F. Scott Fitzgerald Novels
LTH
Pick 3 Villains
ddd62291
Trending Topics
Marvel
Anime
Harry Potter
Crossword
Kpop
NBA
Disney
Soccer
Pokémon
NFL
Puzzle
The Office
Song
Country
WWE
Your Account Isn't Verified!
In order to create a playlist on Sporcle, you need to verify the email address you used during registration. Go to your
Sporcle Settings
to finish the process.
Report this User
Report this user for behavior that violates our
Community Guidelines
.
Details:
Send Report
Go to the Sporcle.com Mobile Site →
Comments